| 000 | 00449nam a22001337a 4500 | ||
|---|---|---|---|
| 999 |
_c516159 _d516159 |
||
| 082 | _aTNC O91x71 D969 | ||
| 100 |
_aDwivedi, O.P. _922571 |
||
| 245 | _aResources and the environment: Policy perspectives for Canada | ||
| 260 |
_aCanada _bThe Canadian _c1980 |
||
| 300 | _a346p. | ||
| 650 |
_aEnvironmental policy - Canada _922572 |
||
| 650 |
_aNatural resources - Canada _922573 |
||
| 650 |
_aEnvironmental protective - Canada - Case studies _922574 |
||